Geog.2 workbook answer book / (Record no. 5682)
[ view plain ]
| 000 -LEADER | |
|---|---|
| fixed length control field | 00831nam a22002177a 4500 |
| 001 - CONTROL NUMBER | |
| control field | 5682 |
| 003 - CONTROL NUMBER IDENTIFIER | |
| control field | FISKH |
| 005 - DATE AND TIME OF LATEST TRANSACTION | |
| control field | 20250113121915.0 |
| 008 - FIXED-LENGTH DATA ELEMENTS--GENERAL INFORMATION | |
| fixed length control field | 250113b cb ||||| |||| 00| 0 eng d |
| 020 ## - INTERNATIONAL STANDARD BOOK NUMBER | |
| International Standard Book Number | 9780198356929 |
| 040 ## - CATALOGING SOURCE | |
| Original cataloging agency | FISKH |
| Language of cataloging | eng |
| Transcribing agency | FISKH |
| Modifying agency | FISKH |
| 100 ## - MAIN ENTRY--PERSONAL NAME | |
| Personal name | Woolliscroft, Justin |
| 245 ## - TITLE STATEMENT | |
| Title | Geog.2 workbook answer book / |
| Statement of responsibility, etc. | by Justin Woolliscroft |
| 250 ## - EDITION STATEMENT | |
| Edition statement | First published 2006 |
| 260 ## - PUBLICATION, DISTRIBUTION, ETC. | |
| Place of publication, distribution, etc. | Oxford: |
| Name of publisher, distributor, etc. | Oxford University Press ; |
| Date of publication, distribution, etc. | 2014. |
| 300 ## - PHYSICAL DESCRIPTION | |
| Extent | 70 pages : |
| Other physical details | illustrations , maps ; |
| Dimensions | 30 cm . |
| 520 ## - SUMMARY, ETC. | |
| Summary, etc. | A help-at-a-glance answer book providing supportingfor the new edition 'geog.2' workbook, which has been revised and updated to deliver the new Programme of Study for Geography at Key Stage 3 (for teaching from 2014). |
| 700 ## - ADDED ENTRY--PERSONAL NAME | |
| Personal name | Parsons, Mike |
| Relator term | artist |
| 942 ## - ADDED ENTRY ELEMENTS (KOHA) | |
| Source of classification or shelving scheme | Dewey Decimal Classification |
| Koha item type | Books |
| Suppress in OPAC | No |
| Withdrawn status | Lost status | Source of classification or shelving scheme | Damaged status | Not for loan | Collection | Home library | Current library | Shelving location | Date acquired | Total Checkouts | Full call number | Barcode | Date last seen | Price effective from | Koha item type |
|---|---|---|---|---|---|---|---|---|---|---|---|---|---|---|---|
| Dewey Decimal Classification | Non-Fiction | Footprints International School Library Network Toul Kork Campus | Footprints International School Library Network Toul Kork Campus | TTP Secondary Non-Fiction Bookshelves | 01/13/2025 | WOO | FISSE03095 | 01/13/2025 | 01/13/2025 | Books |
